[Event "Titled Tuesday intern op 16th Jan Early"]
[Site "Chess.com INT"]
[Date "2024.01.16"]
[Round "3"]
[White "Mrithyunjay, Mahadevan"]
[Black "Urazayev, Arystanbek"]
[Result "0-1"]
[WhiteElo "1944"]
[BlackElo "2476"]
[PlyCount "68"]
[EventDate "2024.01.16"]
[EventType "swiss (blitz)"]
[EventRounds "11"]
[EventCountry "USA"]
[SourceTitle "CB04_2024"]
[SourceDate "2023.10.16"]
[SourceVersion "1"]
[SourceVersionDate "2023.10.16"]
[SourceQuality "1"]

1. e4 c5 2. Nf3 e6 3. g3 d5 4. exd5 exd5 5. d4 cxd4 6. Nxd4 Nc6 7. Bg2 Bc5 8. Nb3 Qe7+ 9. Qe2 Qxe2+ 10. Kxe2 Bb6 11. Nc3 Bg4+ 12. f3 Be6 13. f4 Nf6 14. h3 0-0-0 15. Kd1 d4 16. Na4 d3 17. Nxb6+ axb6 18. c3 Nh5 19. g4 Ng3 20. Re1 h5 21. Re3 Ne2 22. f5 Bd5 23. Bxd5 Rxd5 24. Bd2 hxg4 25. hxg4 Rh1+ 26. Be1 Ne5 27. Nd2 Nxg4 28. Rxe2 dxe2+ 29. Kxe2 Re5+ 30. Kf3 Nh2+ 31. Kf2 Ng4+ 32. Kg3 Rexe1 33. Rxe1 Rxe1 34. Kxg4 Re2 0-1

[Event "Titled Tuesday intern op 09th Jan Early"]
[Site "Chess.com INT"]
[Date "2024.01.09"]
[Round "10"]
[White "Mrithyunjay, Mahadevan"]
[Black "Espinoza Villanueva, Rodrigo"]
[Result "1-0"]
[WhiteElo "1944"]
[BlackElo "1928"]
[PlyCount "89"]
[EventDate "2024.01.09"]
[EventType "swiss (blitz)"]
[EventRounds "11"]
[EventCountry "USA"]
[SourceTitle "CB03_2024"]
[SourceDate "2024.01.17"]
[SourceVersion "1"]
[SourceVersionDate "2024.01.17"]
[SourceQuality "1"]

1. e4 c5 2. Nf3 e6 3. g3 d5 4. exd5 exd5 5. d4 Nc6 6. Bg2 Nf6 7. 0-0 Ke7 8. dxc5 Ke8 9. Re1+ Be7 10. Nd4 Bd7 11. Nxc6 Bxc6 12. b4 Kf8 13. Bb2 h5 14. Nc3 h4 15. Ne2 hxg3 16. hxg3 a5 17. a3 Rc8 18. Nd4 Bd7 19. c3 Bh3 20. Qf3 Qd7 21. Bxh3 Qxh3 22. Qg2 Qh5 23. f3 g6 24. Kf2 Qh2 25. Rh1 Qxh1 26. Rxh1 Rxh1 27. Qxh1 Kg7 28. g4 Kg8 29. g5 Nh5 30. Qh4 Bf8 31. f4 Bg7 32. Nf5 Bf8 33. Nh6+ Bxh6 34. gxh6 Re8 35. f5 Kh7 36. fxg6+ fxg6 37. Qg5 Rf8+ 38. Ke3 Rf7 39. c4 dxc4 40. bxa5 Rf5 41. Qe7+ Kxh6 42. Qxb7 Rxc5 43. a6 c3 44. Bc1 Ng3 45. Kd4+ 1-0

[Event "IND-ch U15 48th"]
[Site "Jalgaon"]
[Date "2023.12.31"]
[Round "6"]
[White "Mrithyunjay, Mahadevan"]
[Black "Challa, Saharsha"]
[Result "1-0"]
[WhiteElo "1944"]
[BlackElo "1674"]
[PlyCount "95"]
[EventDate "2023.12.27"]
[EventType "swiss"]
[EventRounds "11"]
[EventCountry "IND"]
[SourceTitle "CB02_2024"]
[SourceDate "2024.01.10"]
[SourceVersion "1"]
[SourceVersionDate "2024.01.10"]
[SourceQuality "1"]

1. e4 c5 2. Nf3 Nc6 3. Bb5 e5 4. 0-0 Bd6 5. Re1 a6 6. Bf1 Nf6 7. c3 Be7 8. d4 d6 9. d5 Nb8 10. h3 Nbd7 11. a4 b6 12. Nbd2 Nf8 13. b4 Ng6 14. bxc5 bxc5 15. Rb1 0-0 16. Nc4 Bd7 17. Nb6 Rb8 18. a5 Bc8 19. Nd2 Qc7 20. Ndc4 Ne8 21. Qc2 Bb7 22. g3 Nf6 23. h4 Rfd8 24. Bh3 Nf8 25. Bg5 h6 26. Bxf6 Bxf6 27. Rb3 Qe7 28. Reb1 Bxh4 29. gxh4 Qxh4 30. Bg2 Ng6 31. Ne3 Bc8 32. Nxc8 Rbxc8 33. Qe2 Nf4 34. Qg4 Qf6 35. Rb7 g6 36. Bf1 h5 37. Qg3 Kh8 38. Ra7 Rb8 39. Rb6 Rxb6 40. axb6 Rb8 41. b7 Kh7 42. Bxa6 Qd8 43. Qf3 f5 44. exf5 gxf5 45. Ng2 Qg8 46. Kf1 Qf7 47. Nxf4 exf4 48. Ra8 1-0

[Event "IND-ch U19"]
[Site "Ahmedabad"]
[Date "2023.09.28"]
[Round "11"]
[White "Lad, Mandar Pradip"]
[Black "Mrithyunjay, Mahadevan"]
[Result "0-1"]
[WhiteElo "1959"]
[BlackElo "1818"]
[PlyCount "102"]
[EventDate "2023.09.20"]
[EventType "swiss"]
[EventRounds "11"]
[EventCountry "IND"]
[SourceTitle "EXT 2024"]
[Source "ChessBase"]
[SourceDate "2023.10.10"]
[SourceVersion "1"]
[SourceVersionDate "2023.10.10"]
[SourceQuality "1"]

1. d4 d5 2. c4 dxc4 3. e3 Nf6 4. Bxc4 e6 5. Nf3 c5 6. 0-0 a6 7. a4 Nc6 8. b3 cxd4 9. exd4 Bb4 10. Bb2 0-0 11. Nc3 b6 12. Ne2 Bb7 13. Nf4 Bd6 14. Ne5 Nb4 15. Re1 Nbd5 16. Qf3 Rb8 17. Rac1 Bb4 18. Red1 Nc3 19. d5 Nxd1 20. Rxd1 exd5 21. Nxd5 Nxd5 22. Bxd5 Bxd5 23. Rxd5 Qe7 24. g3 Rbd8 25. Nc6 Qe1+ 26. Kg2 Rxd5 27. Qxd5 Bc5 28. Qf5 Re8 29. b4 Bf8 30. Ne5 f6 31. Nf3 Qxb4 32. Qd5+ Kh8 33. Bd4 Qxa4 34. Qf7 Qc6 35. Bxb6 Bb4 36. Bd4 Rf8 37. Qa7 a5 38. h4 h5 39. Be3 Bc3 40. Qe7 Bb4 41. Qa7 Qd5 42. Qb6 Ra8 43. Bd4 Bf8 44. Qb1 a4 45. Qg6 a3 46. g4 hxg4 47. Qxg4 Ra4 48. h5 a2 49. h6 Rxd4 50. hxg7+ Bxg7 51. Qc8+ Qg8 0-1

[Event "IND-ch U19"]
[Site "Ahmedabad"]
[Date "2023.09.25"]
[Round "8"]
[White "Mrithyunjay, Mahadevan"]
[Black "Srihari, Lakshmi"]
[Result "0-1"]
[WhiteElo "1818"]
[BlackElo "2207"]
[PlyCount "50"]
[EventDate "2023.09.20"]
[EventType "swiss"]
[EventRounds "11"]
[EventCountry "IND"]
[SourceTitle "EXT 2024"]
[Source "ChessBase"]
[SourceDate "2023.10.10"]
[SourceVersion "1"]
[SourceVersionDate "2023.10.10"]
[SourceQuality "1"]

1. Nf3 Nf6 2. b3 g6 3. Bb2 Bg7 4. e3 0-0 5. d4 d5 6. c4 c5 7. dxc5 Qa5+ 8. Nbd2 dxc4 9. Bxc4 Qxc5 10. Rc1 Qh5 11. Be2 Qh6 12. Ne5 Nd5 13. Ne4 Be6 14. Rc5 Nxe3 15. fxe3 Qh4+ 16. Kf1 Qxe4 17. Bf3 Qb4 18. Rc7 Bxe5 19. Rxb7 Qd6 20. Qxd6 Bxd6 21. Bd4 Rc8 22. Ke2 Nc6 23. Bxc6 Rxc6 24. a4 a5 25. Kd3 Bc8 0-1

[Event "IND-ch U19"]
[Site "Ahmedabad"]
[Date "2023.09.22"]
[Round "4"]
[White "Alekhya, Mukhopadhyay"]
[Black "Mrithyunjay, Mahadevan"]
[Result "1-0"]
[WhiteElo "2149"]
[BlackElo "1818"]
[PlyCount "119"]
[EventDate "2023.09.20"]
[EventType "swiss"]
[EventRounds "11"]
[EventCountry "IND"]
[SourceTitle "EXT 2024"]
[Source "ChessBase"]
[SourceDate "2023.10.10"]
[SourceVersion "1"]
[SourceVersionDate "2023.10.10"]
[SourceQuality "1"]

1. e4 e5 2. Nf3 Nc6 3. Bb5 Nf6 4. 0-0 Nxe4 5. d4 Nd6 6. Bxc6 dxc6 7. dxe5 Nf5 8. Qxd8+ Kxd8 9. Nc3 Be7 10. Bg5 Bxg5 11. Nxg5 Ke7 12. Rad1 h6 13. Nf3 h5 14. Ne2 g6 15. Nf4 Ng7 16. Rd3 Ne6 17. Nxe6 Bxe6 18. b3 Bf5 19. Rd2 Rad8 20. Nd4 Bg4 21. f3 Bc8 22. b4 Rd5 23. Re1 Rhd8 24. Red1 Ke8 25. Nb3 Be6 26. a3 Rxd2 27. Rxd2 Bxb3 28. Rxd8+ Kxd8 29. cxb3 Kd7 30. Kf2 Ke6 31. f4 Kf5 32. Kf3 b6 33. g3 a6 34. h3 g5 35. Ke3 a5 36. bxa5 bxa5 37. a4 c5 38. Kf3 c6 39. Ke3 h4 40. g4+ Ke6 41. Ke4 gxf4 42. Kxf4 Kd5 43. Kf5 Kd4 44. Kf6 c4 45. bxc4 c5 46. g5 Kxc4 47. g6 fxg6 48. e6 Kb3 49. e7 c4 50. e8Q c3 51. Qb5+ Ka2 52. Qxa5 c2 53. Qc3 Kb1 54. Qb3+ Kc1 55. a5 g5 56. Kxg5 Kd1 57. Qd3+ Kc1 58. a6 Kb2 59. Qxc2+ Kxc2 60. a7 1-0

[Event "Titled Tuesday intern op 19th Sep Early"]
[Site "Chess.com INT"]
[Date "2023.09.19"]
[Round "2"]
[White "Mrithyunjay, Mahadevan"]
[Black "Orozbaev, Eldiar"]
[Result "0-1"]
[WhiteElo "1818"]
[BlackElo "2286"]
[PlyCount "44"]
[EventDate "2023.09.19"]
[EventType "swiss (blitz)"]
[EventRounds "11"]
[EventCountry "USA"]
[SourceTitle "EXT 2024"]
[Source "ChessBase"]
[SourceDate "2023.10.10"]
[SourceVersion "1"]
[SourceVersionDate "2023.10.10"]
[SourceQuality "1"]

1. e4 e6 2. d4 d5 3. Nc3 Nf6 4. e5 Nfd7 5. f4 c5 6. Nf3 Nc6 7. Be3 Qb6 8. Na4 Qa5+ 9. c3 cxd4 10. Nxd4 Nxd4 11. Qxd4 b5 12. f5 Qxa4 13. fxe6 fxe6 14. b4 a5 15. Bd3 axb4 16. Qg4 Nc5 17. Bxh7 bxc3 18. Qh5+ Kd8 19. 0-0 Be7 20. Rf7 Qe4 21. Bxc5 Bxc5+ 22. Kh1 Qxh7 0-1

[Event "Titled Tuesday intern op 12th Sep Early"]
[Site "Chess.com INT"]
[Date "2023.09.12"]
[Round "10"]
[White "Melian, Juan Sebastian"]
[Black "Mrithyunjay, Mahadevan"]
[Result "0-1"]
[WhiteElo "2295"]
[BlackElo "1818"]
[PlyCount "44"]
[EventDate "2023.09.12"]
[EventType "swiss (blitz)"]
[EventRounds "11"]
[EventCountry "USA"]
[SourceTitle "EXT 2024"]
[Source "ChessBase"]
[SourceDate "2023.10.10"]
[SourceVersion "1"]
[SourceVersionDate "2023.10.10"]
[SourceQuality "1"]

1. d4 Nf6 2. Bg5 d5 3. e3 Bf5 4. Bxf6 exf6 5. c4 dxc4 6. Nc3 c6 7. Bxc4 Bd6 8. Nge2 Qc7 9. Ng3 Bd7 10. Qf3 0-0 11. Rc1 Qb6 12. Rc2 Qb4 13. Bd3 Na6 14. 0-0 Qa5 15. a3 Rfe8 16. Nh5 Qg5 17. Ne4 Rxe4 18. Qxe4 Qxh5 19. f4 Re8 20. Qf3 Qxf3 21. Rxf3 Nc7 22. e4 Ne6 0-1

[Event "Titled Tuesday intern op 12th Sep Early"]
[Site "Chess.com INT"]
[Date "2023.09.12"]
[Round "2"]
[White "Mrithyunjay, Mahadevan"]
[Black "Hernandez Gonzalez, William"]
[Result "0-1"]
[WhiteElo "1818"]
[BlackElo "2487"]
[PlyCount "108"]
[EventDate "2023.09.12"]
[EventType "swiss (blitz)"]
[EventRounds "11"]
[EventCountry "USA"]
[SourceTitle "EXT 2024"]
[Source "ChessBase"]
[SourceDate "2023.10.10"]
[SourceVersion "1"]
[SourceVersionDate "2023.10.10"]
[SourceQuality "1"]

1. e4 c5 2. Nf3 d6 3. d4 cxd4 4. Nxd4 Nf6 5. Nc3 g6 6. Be3 a6 7. f3 Bg7 8. g4 b5 9. a4 bxa4 10. Rxa4 0-0 11. h4 Bb7 12. h5 e5 13. Nde2 d5 14. hxg6 d4 15. Nxd4 exd4 16. Rxd4 Qc7 17. g5 Qg3+ 18. Ke2 fxg6 19. gxf6 Bxf6 20. Rh3 Qc7 21. Rd3 a5 22. Kf2 Ba6 23. Nd5 Qf7 24. Nxf6+ Qxf6 25. Rd6 Qf7 26. c4 Bc8 27. Rh1 Nd7 28. c5 Ne5 29. Be2 Ba6 30. Rxa6 Rxa6 31. Bxa6 Nxf3 32. Ke2 Qa2 33. Qc2 Ne5 34. Bd4 Qe6 35. Bxe5 Qg4+ 36. Kd2 Rf2+ 37. Kc1 Rxc2+ 38. Kxc2 Qxe4+ 39. Kb3 Qxh1 40. Bc4+ Kf8 41. Bd6+ Ke8 42. Bb5+ Kd8 43. c6 Qd1+ 44. Ka3 Qxd6+ 45. Ka4 Kc7 46. Kb3 Kb6 47. Bc4 Qxc6 48. Kc3 Qc5 49. b3 Qb4+ 50. Kb2 Kc5 51. Ka2 a4 52. Bg8 axb3+ 53. Bxb3 Kd4 54. Bg8 Kc3 0-1

[Event "Titled Tuesday intern op 12th Sep Early"]
[Site "Chess.com INT"]
[Date "2023.09.12"]
[Round "4"]
[White "Mrithyunjay, Mahadevan"]
[Black "Jimenez Fernandez, Rebeca"]
[Result "1/2-1/2"]
[WhiteElo "1818"]
[BlackElo "2039"]
[PlyCount "136"]
[EventDate "2023.09.12"]
[EventType "swiss (blitz)"]
[EventRounds "11"]
[EventCountry "USA"]
[SourceTitle "EXT 2024"]
[Source "ChessBase"]
[SourceDate "2023.10.10"]
[SourceVersion "1"]
[SourceVersionDate "2023.10.10"]
[SourceQuality "1"]

1. e4 c5 2. Nf3 Nc6 3. Bb5 g6 4. 0-0 Bg7 5. c3 Nf6 6. Re1 0-0 7. d4 cxd4 8. cxd4 d5 9. e5 Ne4 10. Nc3 Nxc3 11. bxc3 Bg4 12. h3 Bxf3 13. Qxf3 e6 14. a4 Rc8 15. Ba3 Re8 16. Bc5 b6 17. Bd6 Qd7 18. c4 dxc4 19. Rac1 a6 20. Bxa6 Nxd4 21. Qe4 Ra8 22. Bxc4 Rxa4 23. Qxd4 b5 24. Bxe6 Qxe6 25. Qc5 Rc4 26. Qxb5 Rxc1 27. Rxc1 Bxe5 28. Bxe5 Qxe5 29. Qxe5 Rxe5 30. f3 Kg7 31. Kf2 Ra5 32. g4 h5 33. Kg3 hxg4 34. hxg4 g5 35. Rc6 f6 36. Kf2 Ra3 37. Rd6 Kg6 38. Ke2 Rb3 39. Re6 Ra3 40. Kf2 Rb3 41. Re8 Ra3 42. Rg8+ Kf7 43. Rd8 Rb3 44. Ke2 Kg6 45. Rg8+ Kf7 46. Rd8 Ra3 47. Rd3 Ra2+ 48. Ke3 Ra4 49. Rd4 Ra3+ 50. Ke4 Kg6 51. Rd3 Ra4+ 52. Kd5 Rf4 53. Ke6 f5 54. gxf5+ Rxf5 55. Re3 Rf6+ 56. Ke7 Rf7+ 57. Kd6 Kf5 58. Re4 Ra7 59. Rb4 Ra3 60. Rb5+ Kf4 61. Ke6 Rxf3 62. Kf6 g4 63. Rb4+ Kg3+ 64. Kg5 Ra3 65. Rxg4+ Kf3 66. Kh4 Re3 67. Rg3+ Ke2 68. Rxe3+ Kxe3 1/2-1/2

[Event "Titled Tuesday intern op 12th Sep Early"]
[Site "Chess.com INT"]
[Date "2023.09.12"]
[Round "9"]
[White "Mrithyunjay, Mahadevan"]
[Black "Majer, Damir"]
[Result "1-0"]
[WhiteElo "1818"]
[BlackElo "2246"]
[PlyCount "181"]
[EventDate "2023.09.12"]
[EventType "swiss (blitz)"]
[EventRounds "11"]
[EventCountry "USA"]
[SourceTitle "EXT 2024"]
[Source "ChessBase"]
[SourceDate "2023.10.10"]
[SourceVersion "1"]
[SourceVersionDate "2023.10.10"]
[SourceQuality "1"]

1. e4 c6 2. d4 g6 3. Nc3 Bg7 4. f4 d6 5. Nf3 Nf6 6. Be2 0-0 7. 0-0 Bg4 8. h3 Bxf3 9. Bxf3 e5 10. dxe5 dxe5 11. Qxd8 Rxd8 12. fxe5 Nfd7 13. e6 fxe6 14. Bg4 Nf8 15. Bg5 Re8 16. Rad1 Nbd7 17. h4 h6 18. Bf4 Ne5 19. Bh3 Nc4 20. b3 Nb2 21. Na4 Nxd1 22. Rxd1 Rad8 23. Rf1 Kh7 24. Kh1 Nd7 25. Bc7 Rc8 26. Bd6 Kg8 27. Rd1 b6 28. Bh2 Nf8 29. Rd6 Kf7 30. c4 Red8 31. c5 bxc5 32. Nxc5 Rxd6 33. Bxd6 Rd8 34. Bc7 Rd1+ 35. Kh2 Bd4 36. Nb7 Bf6 37. g3 Rd7 38. Nd6+ Ke7 39. Nc8+ Kf7 40. Bf4 g5 41. Be3 Bd4 42. Bxd4 Rxd4 43. Nxa7 Rxe4 44. Bg2 Re2 45. a4 c5 46. a5 Ra2 47. Nc6 Nd7 48. Kg1 gxh4 49. gxh4 Ra3 50. Bf1 Rxb3 51. a6 Rg3+ 52. Kf2 Ra3 53. a7 Nb6 54. Bg2 c4 55. Bf3 Kf6 56. Ke2 Kf5 57. Bg2 Kg4 58. Kd2 Kxh4 59. Kc1 Kg3 60. Be4 h5 61. Kb2 Ra4 62. Kc3 h4 63. Kd4 h3 64. Kc5 Na8 65. Kb5 c3 66. Kxa4 h2 67. Kb3 Nc7 68. Nd4 Kf4 69. Bb7 e5 70. Ne6+ Kf5 71. Nxc7 e4 72. Bxe4+ Kxe4 73. a8Q+ Kd3 74. Qd5+ Ke3 75. Kxc3 Kf2 76. Qh1 Kg3 77. Nd5 Kh3 78. Kd4 Kg3 79. Ke4 Kf2 80. Kf4 Ke2 81. Qxh2+ Kd3 82. Ke5 Kc4 83. Qd2 Kb3 84. Nf6 Ka3 85. Nh7 Kb3 86. Qc1 Ka2 87. Kd4 Kb3 88. Qc3+ Ka2 89. Qb4 Ka1 90. Kc3 Ka2 91. Qb2# 1-0

[Event "Titled Tuesday intern op 12th Sep Early"]
[Site "Chess.com INT"]
[Date "2023.09.12"]
[Round "6"]
[White "Mrithyunjay, Mahadevan"]
[Black "Nakhbayeva, Guliskhan"]
[Result "1-0"]
[WhiteElo "1818"]
[BlackElo "2326"]
[PlyCount "67"]
[EventDate "2023.09.12"]
[EventType "swiss (blitz)"]
[EventRounds "11"]
[EventCountry "USA"]
[SourceTitle "EXT 2024"]
[Source "ChessBase"]
[SourceDate "2023.10.10"]
[SourceVersion "1"]
[SourceVersionDate "2023.10.10"]
[SourceQuality "1"]

1. e4 e6 2. d4 d5 3. Nc3 dxe4 4. Nxe4 Nd7 5. Nf3 Ngf6 6. Ng3 Be7 7. Bd3 0-0 8. 0-0 b6 9. c3 Bb7 10. h3 c5 11. Be3 Rc8 12. Rc1 Qc7 13. b4 c4 14. Bb1 b5 15. a4 a6 16. Ng5 h6 17. N5e4 Nxe4 18. Nxe4 Nf6 19. Nxf6+ Bxf6 20. axb5 axb5 21. Qc2 Rfd8 22. Qh7+ Kf8 23. f4 Qc6 24. Rf2 Ke7 25. Re1 Bh4 26. Qc2 g6 27. f5 Bxf2+ 28. Qxf2 gxf5 29. Bxf5 Rg8 30. Bg4 h5 31. d5 Qxd5 32. Bc5+ Ke8 33. Rf1 hxg4 34. Qxf7+ 1-0

[Event "Titled Tuesday intern op 29th Aug Early"]
[Site "Chess.com INT"]
[Date "2023.08.29"]
[Round "7"]
[White "Mrithyunjay, Mahadevan"]
[Black "Khromkin, Andrey"]
[Result "0-1"]
[WhiteElo "1630"]
[BlackElo "2191"]
[PlyCount "138"]
[EventDate "2023.08.29"]
[EventType "swiss (blitz)"]
[EventRounds "11"]
[EventCountry "USA"]
[SourceTitle "EXT 2024"]
[Source "ChessBase"]
[SourceDate "2023.10.10"]
[SourceVersion "1"]
[SourceVersionDate "2023.10.10"]
[SourceQuality "1"]

1. e4 c5 2. Nf3 Nc6 3. Bb5 g6 4. 0-0 Bg7 5. c3 Nf6 6. e5 Nd5 7. d4 0-0 8. dxc5 Nc7 9. Bxc6 dxc6 10. Bf4 Bg4 11. Nbd2 Ne6 12. Be3 Bxe5 13. Qb3 Bf4 14. Bxf4 Nxf4 15. Qb4 Qc7 16. g3 Bxf3 17. Nxf3 Nd5 18. Qa3 a5 19. Rfe1 Rfe8 20. Re5 e6 21. Rae1 Re7 22. Qb3 Rae8 23. a3 f6 24. R5e2 Qc8 25. Nd4 e5 26. Nf3 Kg7 27. c4 Nc7 28. Qc3 Qa8 29. Nd2 Ne6 30. f4 Nd4 31. Re3 Qc8 32. fxe5 fxe5 33. Rxe5 Rxe5 34. Qxd4 Qf5 35. Nf3 Qxf3 36. Rxe5 Rxe5 37. Qxe5+ Kh6 38. Qf4+ Qxf4 39. gxf4 Kh5 40. h3 a4 41. Kg2 Kh4 42. Kh2 Kh5 43. Kg3 Kh6 44. Kg4 Kg7 45. Kg5 h6+ 46. Kg4 Kf6 47. h4 h5+ 48. Kg3 Kf5 49. Kf3 Kf6 50. Ke3 Ke6 51. Ke4 Kf6 52. Kd4 Kf5 53. Kc3 Kxf4 54. Kb4 g5 55. hxg5 Kxg5 56. Kxa4 h4 57. Ka5 h3 58. Kb6 h2 59. Kxb7 h1Q 60. a4 Qe4 61. a5 Qxc4 62. a6 Qb5+ 63. Ka7 Qxc5+ 64. Kb8 Qb5+ 65. Ka8 c5 66. a7 Qa6 67. Kb8 Qb6+ 68. Ka8 Qc7 69. b4 Qc8# 0-1

[Event "Titled Tuesday intern op 29th Aug Early"]
[Site "Chess.com INT"]
[Date "2023.08.29"]
[Round "5"]
[White "Mrithyunjay, Mahadevan"]
[Black "Mompel Ferruz, Xavier"]
[Result "0-1"]
[WhiteElo "1630"]
[BlackElo "2156"]
[PlyCount "100"]
[EventDate "2023.08.29"]
[EventType "swiss (blitz)"]
[EventRounds "11"]
[EventCountry "USA"]
[SourceTitle "EXT 2024"]
[Source "ChessBase"]
[SourceDate "2023.10.10"]
[SourceVersion "1"]
[SourceVersionDate "2023.10.10"]
[SourceQuality "1"]

1. e4 c5 2. Nf3 e6 3. g3 Nc6 4. Bg2 Nf6 5. Qe2 d5 6. exd5 Nxd5 7. 0-0 Be7 8. Nc3 0-0 9. Re1 b6 10. Ne5 Nxe5 11. Nxd5 exd5 12. Qxe5 Be6 13. c4 Bf6 14. Qe2 Qd7 15. d3 Rad8 16. Be3 Rfe8 17. Rad1 d4 18. Bf4 Bg4 19. Qd2 Bxd1 20. Rxd1 Re7 21. h4 Rde8 22. Bf3 Be5 23. Bg5 f6 24. Bd5+ Kh8 25. Bf4 Bxf4 26. Qxf4 Re1+ 27. Rxe1 Rxe1+ 28. Kg2 Re5 29. Qf3 Qe7 30. Bc6 g6 31. b3 Kg7 32. Bb5 Re2 33. a3 Qe3 34. Qxe3 dxe3 35. Kf3 Rxf2+ 36. Kxe3 Rb2 37. b4 cxb4 38. axb4 Rxb4 39. d4 Rb3+ 40. Kf4 a5 41. Ke4 Kf8 42. g4 Ke7 43. Kd5 f5 44. gxf5 gxf5 45. Ba4 Ra3 46. Bc2 f4 47. Bxh7 f3 48. Be4 f2 49. Bg2 Ra1 50. Kc6 f1Q 0-1

[Event "Titled Tuesday intern op 29th Aug Early"]
[Site "Chess.com INT"]
[Date "2023.08.29"]
[Round "3"]
[White "Sovetbekova, Nurai"]
[Black "Mrithyunjay, Mahadevan"]
[Result "1-0"]
[WhiteElo "1803"]
[BlackElo "1630"]
[PlyCount "63"]
[EventDate "2023.08.29"]
[EventType "swiss (blitz)"]
[EventRounds "11"]
[EventCountry "USA"]
[SourceTitle "EXT 2024"]
[Source "ChessBase"]
[SourceDate "2023.10.10"]
[SourceVersion "1"]
[SourceVersionDate "2023.10.10"]
[SourceQuality "1"]

1. d4 Nf6 2. c4 e6 3. Nc3 Bb4 4. Qc2 c5 5. dxc5 0-0 6. a3 Bxc5 7. b4 Bd4 8. Nf3 Nc6 9. e3 Be5 10. Nxe5 Nxe5 11. Bb2 Qc7 12. c5 a6 13. Be2 Ng6 14. 0-0 d5 15. cxd6 Qxd6 16. Rfd1 Qc7 17. Rac1 Kh8 18. Qb3 Qe7 19. Na4 Nd5 20. Bf3 b5 21. Nc5 Rb8 22. Bxd5 exd5 23. Qxd5 Bg4 24. Qd4 f5 25. f3 Rbd8 26. Qc3 Rxd1+ 27. Rxd1 Bh5 28. Ne6 Rg8 29. Nxg7 Rxg7 30. Qxg7+ Qxg7 31. Rd8+ Nf8 32. Rxf8# 1-0

[Event "Titled Tuesday intern op 22nd Aug Early"]
[Site "Chess.com INT"]
[Date "2023.08.22"]
[Round "1"]
[White "Sjugirov, Sanan"]
[Black "Mrithyunjay, Mahadevan"]
[Result "1-0"]
[WhiteElo "2705"]
[BlackElo "1630"]
[PlyCount "83"]
[EventDate "2023.08.22"]
[EventType "swiss (blitz)"]
[EventRounds "11"]
[EventCountry "USA"]
[SourceTitle "EXT 2024"]
[Source "ChessBase"]
[SourceDate "2023.10.10"]
[SourceVersion "1"]
[SourceVersionDate "2023.10.10"]
[SourceQuality "1"]

1. c4 g6 2. d4 Nf6 3. Nc3 d5 4. cxd5 Nxd5 5. e4 Nxc3 6. bxc3 Bg7 7. Bc4 0-0 8. Ne2 c5 9. 0-0 cxd4 10. cxd4 Nc6 11. Be3 Bg4 12. f3 Na5 13. Bxf7+ Rxf7 14. fxg4 Rxf1+ 15. Kxf1 Qd7 16. h3 Qe6 17. Qd3 Nc4 18. Kg1 Rd8 19. Bf2 Nd6 20. Ng3 a6 21. a4 Qc4 22. Qxc4+ Nxc4 23. e5 Bh6 24. Rb1 Rd7 25. Ne4 b6 26. g5 Bf8 27. Rc1 Nb2 28. Rc8 Nxa4 29. e6 Rb7 30. d5 Nc5 31. Nxc5 bxc5 32. Bxc5 Kg7 33. Bd4+ Kg8 34. Kf2 a5 35. Ra8 Rb5 36. d6 exd6 37. e7 Rf5+ 38. Kg1 a4 39. e8Q a3 40. Qe6+ Rf7 41. Ra7 a2 42. Qxf7# 1-0

[Event "Titled Tuesday intern op 22nd Aug Early"]
[Site "Chess.com INT"]
[Date "2023.08.22"]
[Round "6"]
[White "Turayev, Shahruh"]
[Black "Mrithyunjay, Mahadevan"]
[Result "1-0"]
[WhiteElo "2193"]
[BlackElo "1630"]
[PlyCount "107"]
[EventDate "2023.08.22"]
[EventType "swiss (blitz)"]
[EventRounds "11"]
[EventCountry "USA"]
[SourceTitle "EXT 2024"]
[Source "ChessBase"]
[SourceDate "2023.10.10"]
[SourceVersion "1"]
[SourceVersionDate "2023.10.10"]
[SourceQuality "1"]

1. e4 e5 2. Nc3 Nf6 3. Bc4 Nc6 4. d3 h6 5. f4 Bc5 6. Nf3 d6 7. Na4 Bb6 8. Nxb6 axb6 9. a3 0-0 10. 0-0 exf4 11. Bxf4 d5 12. exd5 Nxd5 13. Bd2 Bg4 14. Qe1 Bxf3 15. Rxf3 Nd4 16. Rg3 Nf5 17. Rh3 Nf6 18. Qf2 Qd4 19. Rf1 Qxf2+ 20. Rxf2 Nd6 21. Bb3 Ng4 22. Rf4 Ne5 23. Rg3 Kh7 24. d4 Ng6 25. Rf1 Ne4 26. Rd3 c5 27. Bxf7 Ne7 28. d5 Rad8 29. c4 b5 30. b3 bxc4 31. bxc4 Nd6 32. Be6 Rxf1+ 33. Kxf1 Nxc4 34. Be1 Nxd5 35. Bxd5 Rxd5 36. Rxd5 Ne3+ 37. Ke2 Nxd5 38. Kd3 Nf4+ 39. Kc4 Nxg2 40. Bg3 b6 41. Kb5 Ne3 42. a4 Nd5 43. Be5 Kg6 44. Kc6 Ne3 45. Bf4 Ng2 46. Bd2 c4 47. Kxb6 Kf5 48. a5 Nf4 49. a6 Nd5+ 50. Kb7 c3 51. Bc1 Nf4 52. a7 Nd3 53. Ba3 Nc1 54. Bxc1 1-0

[Event "Titled Tuesday intern op 06th Jun Early"]
[Site "Chess.com INT"]
[Date "2023.06.06"]
[Round "9"]
[White "Gabr, Mohsen"]
[Black "Mrithyunjay, Mahadevan"]
[Result "0-1"]
[WhiteElo "2212"]
[BlackElo "1754"]
[PlyCount "76"]
[EventDate "2023.06.06"]
[EventType "swiss (blitz)"]
[EventRounds "11"]
[EventCountry "USA"]
[SourceTitle "EXT 2024"]
[Source "ChessBase"]
[SourceDate "2023.10.10"]
[SourceVersion "1"]
[SourceVersionDate "2023.10.10"]
[SourceQuality "1"]

1. e4 c5 2. d3 Nc6 3. Nd2 g6 4. g3 Bg7 5. Bg2 e5 6. Ngf3 Nge7 7. 0-0 0-0 8. c3 d5 9. exd5 Nxd5 10. Qb3 Nb6 11. Qc2 Bf5 12. Ne4 c4 13. dxc4 Nxc4 14. Nh4 Be6 15. Rd1 Qe7 16. Ng5 Rad8 17. Nxe6 Qxe6 18. Rxd8 Rxd8 19. b3 Nb6 20. Nf3 h6 21. Nd2 f5 22. Nf1 e4 23. Ne3 Nb4 24. Qb2 Nd3 25. Qc2 Ne1 26. Qb2 Qd6 27. Bf1 Nf3+ 28. Kg2 Qc6 29. Nc4 Nxc4 30. Bxc4+ Kh7 31. a4 a6 32. a5 Rd1 33. Be3 Ne1+ 34. Kh3 f4 35. Rxd1 Qc8+ 36. g4 h5 37. f3 exf3 38. Bg8+ Kh8 0-1

[Event "Titled Tuesday intern op 06th Jun Early"]
[Site "Chess.com INT"]
[Date "2023.06.06"]
[Round "1"]
[White "Mrithyunjay, Mahadevan"]
[Black "Lenderman, Aleksandr"]
[Result "0-1"]
[WhiteElo "1754"]
[BlackElo "2566"]
[PlyCount "122"]
[EventDate "2023.06.06"]
[EventType "swiss (blitz)"]
[EventRounds "11"]
[EventCountry "USA"]
[SourceTitle "EXT 2024"]
[Source "ChessBase"]
[SourceDate "2023.10.10"]
[SourceVersion "1"]
[SourceVersionDate "2023.10.10"]
[SourceQuality "1"]

1. e4 c5 2. Nf3 Nc6 3. Bb5 e6 4. 0-0 Nge7 5. Re1 b6 6. c3 a6 7. Bxc6 Nxc6 8. d4 d5 9. dxc5 dxe4 10. Qxd8+ Nxd8 11. Rxe4 Bxc5 12. b4 Bb7 13. Rg4 Bf8 14. Be3 b5 15. Nbd2 f6 16. Re1 e5 17. Nh4 g6 18. f4 f5 19. Rg3 e4 20. Bd4 Nf7 21. Bxh8 Nxh8 22. Nhf3 Nf7 23. Nd4 Bd6 24. Ne2 0-0-0 25. Nb3 Bc7 26. Rh3 h5 27. Rg3 Rd6 28. Nc5 Bb6 29. Nd4 Bd5 30. a4 bxa4 31. Nxa4 Bxd4+ 32. cxd4 Bc6 33. Rc1 Kb8 34. Nc5 Bb5 35. Rd1 Nd8 36. Kf2 Nc6 37. Ke3 Nxb4 38. Rd2 Nd5+ 39. Kf2 Nxf4 40. Rb3 Ka7 41. Ra2 Rb6 42. Kg3 Ne2+ 43. Kh4 Nxd4 44. Rba3 Rc6 45. Rc3 e3 46. Na4 e2 47. Re3 Re6 48. Rxe6 Nxe6 49. Ra1 Bxa4 50. Re1 Bd1 51. g3 a5 52. h3 a4 53. g4 hxg4 54. Kg3 gxh3 55. Kxh3 a3 56. Kg3 a2 57. Kf2 a1Q 58. Kg3 Qc3+ 59. Kh4 Qxe1+ 60. Kh3 Nf4+ 61. Kh2 Qf2+ 0-1